000 01058nam a2200229 a 4500
008 071115s2003 ||||||||||||||||| || u
020 _a0750655259
050 _aSF 774.5 Vet
100 _aLane, D. R
245 1 0 _aVeterinary Nursing.-- 3rd ed.
_cedited by D. R. Lane and B. C. Cooper
250 _a3rd ed.
260 _aPhiladelpia
_bButterworth-Heinemann
_c2003
300 _axii, 787p., ill.
350 _a0.00
650 _aVETERINARY NURSING
650 _aPETS--DISEASES--NURSING
650 _aVETERENARY
700 _aCooper, B. C
995 _D0.00
_FCBU-MAIN LIBRARY (Kitwe)
_H1
_I0.00
_M2
_UAVAILABLE
_WFeb 10, 2009
_ZMain Library Open Access Collection
995 _D0.00
_FCBU-MAIN LIBRARY (Kitwe)
_H1
_I0.00
_M3
_UAVAILABLE
_WMay 14, 2009
_ZAnnex Low-Usage Collection
995 _D0.00
_FCBU-MAIN LIBRARY (Kitwe)
_H1
_I0.00
_M1
_UAVAILABLE
_ZMain Library Open Access Collection
999 _c78348
_d78348